| 000 | 00320 a2200097 4500 | ||
|---|---|---|---|
| 082 | _a363.125 HEL | ||
| 100 | _aHelmreich, Wolfgang | ||
| 245 |
_aSafety and Security in Mobility Thematic Research Summary / _cWolfgang, Helmreich |
||
| 260 |
_bTransport Research Knowledge Centre, _c2008 |
||
| 300 |
_a66p. : _bill. ; _c30 cm |
||
| 650 | _aSafety and Security | ||
| 999 |
_c2224 _d2224 |
||